000 00418nam a2200145Ia 4500
008 230917s9999||||xx |||||||||||||| ||und||
040 _e86370
_aMAIN
041 _aEnglish
082 _a005.1 G41S
100 _aGill, Nasib Singh
245 0 _aSoftware engineering: Software reliability, testing and quality assurance
260 _aNew Delhi
_bKhanna Book Publishing
_c2002
300 _axxxiv, 622 p.
942 _cBK
999 _c114251
_d114251